| 000 | 01138nam a2200253Ia 4500 | ||
|---|---|---|---|
| 999 |
_c53231 _d53231 |
||
| 001 | 20272 | ||
| 003 | GE_BSU | ||
| 005 | 20200730190007.0 | ||
| 008 | 181216s1975||||ge |||||||||||||| ||geo|| | ||
| 040 | _cGE_BSU | ||
| 041 | _ageo | ||
| 080 | _a811.353.1'36(072) თ-25 | ||
| 100 |
_aთალაკვაძე, მარიამ _99083 |
||
| 245 |
_aქართული ენის გრამატიკის სწავლების მეთოდიკა / _cმარიამ თალაკვაძე ; რედ. ლ. ბოჭორიშვილი. |
||
| 250 | _aმე-2 გამოც. | ||
| 264 |
_aთბილისი : _bგანათლება, _c1975. |
||
| 300 |
_a350 გვ. : _bილ. ; _c26 სმ. |
||
| 541 | _h3 ლ. | ||
| 653 | _a ქართული ენის გრამატიკის სწავლების მეთოდიკა | ||
| 653 | _aქართული ენის გრამატიკა | ||
| 653 | _a მეთოდიკა | ||
| 700 |
_aბოჭორიშვილი, ლ. _eრედაქტორი _92739 |
||
| 942 |
_cBK _2udc |
||